Estudio de factibilidad para la instalación de un laboratorio de mantenimiento que preste servicios a las microcomputadoras del Instituto Costarricense de Electricidad
Shranjeno v:
| Glavni avtor: | |
|---|---|
| Drugi avtorji: | |
| Format: | Knjiga |
| Izdano: |
[San José , Costa Rica]
1990
|
| Teme: | |
| Oznake: |
Označite
Brez oznak, prvi označite!
|
MARC
| LEADER | 00000nam a2200000Ia 4500 | ||
|---|---|---|---|
| 003 | 004916 | ||
| 005 | 20221231144334.0 | ||
| 008 | 140114s1990 cr a m 000 ||s d | ||
| 040 | |c cru CEDI | ||
| 090 | |a TFG 2316 | ||
| 100 | |a Monturiol Le Roy, José Miguel |9 13106 | ||
| 245 | |a Estudio de factibilidad para la instalación de un laboratorio de mantenimiento que preste servicios a las microcomputadoras del Instituto Costarricense de Electricidad | ||
| 260 | |c 1990 |a [San José , Costa Rica] | ||
| 300 | |a x, 81 hojas : ilustraciones ; 28 cm | ||
| 500 | |a Proyecto de graduación (bachillerato en ingeniería eléctrica)--Universidad de Costa Rica. Facultad de Ingeniería. Escuela de Ingeniería Eléctrica | ||
| 650 | |x INSTITUTO COSTARRICENSE DE ELECTRICIDAD |x ANALISIS DE COSTOS |x MICROCOMPUTADORA - MANTENIMIENTO Y REPARACION |9 13108 | ||
| 700 | |9 13107 |a Venegas Monge, Gilbert | ||
| 942 | |c TFG | ||
| 999 | |c 20401 |d 20401 | ||
